Slovenský zákazník rád pokúša šťastie
Spotrebiteľská súťaž ako významný nástroj komunikácie so zákazníkmi. Záujem slovenských spotrebiteľov o súťaže rastie bez ohľadu na jej formu. Organizátori majú široké možnosti, aký typ a akú formu zvoliť. Spôsob propagácie. Pravidlá úspešnej súťaže.
Gespeichert in:
| 1. Verfasser: | |
|---|---|
| Format: | Buchkapitel |
| Sprache: | Slowakisch |
| Schlagworte: | |
| Tags: |
Keine Tags, Fügen Sie das erste Tag hinzu!
|
MARC
| LEADER | 00000naa a2200000 4500 | ||
|---|---|---|---|
| 001 | 0268186 | ||
| 005 | 20200903111247.3 | ||
| 041 | 0 | |a slo | |
| 044 | |a SK | ||
| 245 | 1 | 0 | |a Slovenský zákazník rád pokúša šťastie |c Michaela Petrášová |
| 520 | |a Spotrebiteľská súťaž ako významný nástroj komunikácie so zákazníkmi. Záujem slovenských spotrebiteľov o súťaže rastie bez ohľadu na jej formu. Organizátori majú široké možnosti, aký typ a akú formu zvoliť. Spôsob propagácie. Pravidlá úspešnej súťaže. | ||
| 610 | 2 | 0 | |a politika spotrebiteľská |
| 610 | 2 | 0 | |a marketing |
| 610 | 2 | 0 | |a komunikácia marketingová |
| 610 | 2 | 0 | |a súťaž hospodárska |
| 610 | 2 | 0 | |a spotrebitelia |
| 610 | 2 | 0 | |a mix komunikačný |
| 100 | 1 | |a Petrášová, Michaela | |